000 00615nam a2200241Ia 4500
003 OSt
005 20221005123128.0
006 a|||||r|||| 00| 0
007 ta
008 221004b |||||||| |||| 00| 0 mal d
024 _a51086
037 _cTextual
040 _aCRL
_cCRL
_bmal
041 _2mal
_amal
082 _aO32,2N06,1, 31K4;M7
100 _aSourirajan R.
_9633186
245 0 _aKootuppannai
260 _c1987
300 _a77p.
_ccm.
650 _aMALAYALAM LITERATURE
_938866
942 _hO32,2N06,1, 31K4;M7
_cTEXL
_2cc
999 _c1046466
_d1046466